Score 0/100 Timer 10:00
0 Plays Today
% Correct
Michael
95.7%
Michael
95.7%
Daniel
93%
Daniel
93%
Daniel
93%
David
93%
Matthew
92.2%
Matthew
92.2%
Matthew
92.2%
James
90.6%
William
89.5%
William
89.5%
Andrew
88.3%
Andrew
88.3%
Andrew
88.3%
Alexander
87.9%
Alexander
87.9%
Alexander
87.9%
Alexander
87.9%
Alexander
87.9%
Jacob
86.7%
Ethan
86.7%
Jacob
86.7%
Ethan
86.7%
Jacob
86.7%
Ethan
86.7%
John
85.9%
John
85.9%
Nathan
84%
Nathan
84%
Nathan
84%
Samuel
83.6%
Samuel
83.6%
Joseph
82.8%
% Correct
Joseph
82.8%
Joseph
82.8%
Joseph
82.8%
Benjamin
82.4%
Benjamin
82.4%
Joshua
82.4%
Joshua
82.4%
Joshua
82.4%
Joshua
82.4%
Joshua
82.4%
Benjamin
82.4%
Christopher
82%
Lucas
81.3%
Lucas
81.3%
Jayden
80.1%
Jayden
80.1%
Jayden
80.1%
Isaac
79.3%
Aiden
78.9%
Aiden
78.9%
Evan
77.7%
Evan
77.7%
Evan
77.7%
Luke
77.7%
Noah
77.7%
Logan
76.6%
Logan
76.6%
Logan
76.6%
Isaiah
75%
Isaiah
75%
Isaiah
75%
Ryan
74.6%
Ryan
74.6%
Nicholas
74.2%
% Correct
Nicholas
74.2%
Nicholas
74.2%
Jordan
72.7%
Jordan
72.7%
Elijah
72.3%
Brandon
70.3%
Brandon
70.3%
Tyler
70.3%
Anthony
69.1%
Anthony
69.1%
Brian
67.6%
Jonathan
67.2%
Jonathan
67.2%
Owen
65.2%
Caleb
58.2%
Hayden
57.8%
Taylor
54.3%
Jeremiah
53.5%
Jeremiah
53.5%
Jeremiah
53.5%
Hunter
53.1%
Austin
51.2%
Josiah
45.3%
Kayden
44.9%
Carter
44.5%
Jaden
42.6%
Jaylen
32.4%
Cooper
30.9%
Sebastian
25%
Landen
14.8%
Santiago
8.6%
Bryon
6.6%
Remove Ads.
Support Sporcle.
Get the best of Sporcle when you Go Orange. This ad-free experience offers more features, more stats, and more fun while also helping to support Sporcle. Thank you for becoming a member.

You're not logged in!

Compare scores with friends on all Sporcle quizzes.
OR
Log In

Show Comments

Extras

Created Jul 8, 2012SourceReportNominate
Tags:Popular Quiz, 2010, Baby, Boy, Twins

Top Quizzes Today


Score Distribution

Your Account Isn't Verified!

In order to create a playlist on Sporcle, you need to verify the email address you used during registration. Go to your Sporcle Settings to finish the process.

Report this User

Report this user for behavior that violates our Community Guidelines.

Details: